| 000 | 00565nam a2200205 4500 | ||
|---|---|---|---|
| 001 | 44924 | ||
| 090 | _a44924 | ||
| 100 | _a20251010 pory50 | ||
| 101 | _apor | ||
| 102 | _aPT | ||
| 200 |
_aSanto Agostinho _evida , pensamento e obra _fLoudes Bassols _gversão port. João Quina edições _gtrad. Catarina Rolim |
||
| 210 |
_a[S.l.] _cPlaneta de agostini _cdist. Público _d[D.L. 2008] |
||
| 215 |
_a381 p. _cil. |
||
| 225 | _agrandes Pensadores | ||
| 600 | _aSanto Agostinho | ||
| 675 | _a008 | ||
| 675 | _a929 | ||
| 675 | _a1 | ||
| 801 |
_aPT _gRPC |
||
| 990 | _cLIVROS | ||